| 000 | 00518nam a22002057a 4500 | ||
|---|---|---|---|
| 001 | 00028823 | ||
| 005 | 20260420083024.0 | ||
| 008 | 260420b ag ||||| |||| 00| 0 spa d | ||
| 020 | _a9789871721986 | ||
| 040 |
_bspa _cAR-CcCEOS |
||
| 080 | _a7(092+82) | ||
| 090 | _bCAR | ||
| 100 |
_aJuan Carrére _91080 |
||
| 245 |
_aGrandes pintores : _bGoya / _cJuan Carrere |
||
| 250 | _a1a ed. | ||
| 260 |
_aSan Isidro : _bOrbit Media, _c2012. |
||
| 300 |
_a80 p. ; _c24x24 cm. |
||
| 650 | 0 | _apinturas | |
| 942 |
_2udc _cBK |
||
| 999 |
_c28859 _d28859 |
||
| 945 |
_a66467 _bMelina Rolando _c66467 _dMelina Rolando |
||